00225nam a2200085Ia 450000100070000000500170000700800410002424500550006526000190012070283320250826162340.0250824s9999 xx 000 0 und d 0aGÜL YETİŞTİREN ADAMcRASİM ÖZDENÖREN bİZ YAYINLARI